Chemistry Fields of Study (with -chemistry suffixes) Quiz Stats

 Plays Quiz not verified by Sporcle

Score 0/15 Timer 05:00
0 Plays Today
% Correct
Radiochemistry
91.8%
Mechanochemistry
90.6%
Cosmochemistry
90.2%
Biochemistry
87.7%
Electrochemistry
87.4%
Thermochemistry
85.3%
Photochemistry
84.3%
Petrochemistry
83.9%
% Correct
Biogeochemistry
80.2%
Immunochemistry
79.8%
Geochemistry
77.2%
Sonochemistry
76.8%
Femtochemistry
69.3%
Stereochemistry
65.7%
Phytochemistry
64.7%

You're not logged in!

Compare scores with friends on all Sporcle quizzes.
OR
Log In

You Might Also Like...

Show Comments

Extras

Top Quizzes Today


Score Distribution

Your Account Isn't Verified!

In order to create a playlist on Sporcle, you need to verify the email address you used during registration. Go to your Sporcle Settings to finish the process.

Report this User

Report this user for behavior that violates our Community Guidelines.

Details: